Costruire l’universit ̉post-Fordista Sperimentare il futuro nel presente

Detalles Bibliográficos
Autor principal: Romano, Aldo
Formato: eBook
Lenguaje:italiano
Publicado: Bari : Cacucci Editore, 2008
Materias:
Acceso en línea:http://www.vlex.com/source/6809

MARC

LEADER 00000nam a22000007a 4500
005 20130214182357.0
007 cr|||| ||||
008 130214e2008 it |||||s|||| 00| 0 ita d
020 |a 8884227739 
035 |a 6809 
040 |a vLex 
090 |c 3638  |d 3638 
100 1 0 |a Romano, Aldo 
245 1 0 |a Costruire l’universit ̉post-Fordista  |b Sperimentare il futuro nel presente  |h [Recurso electrn̤ico]  
256 |a Servicio en ln̕ea 
260 |a Bari :   |b Cacucci Editore,   |c 2008 
300 |a 1 Recurso electrn̤ico 
650 0 4 |a Economa̕  |z Italia  
650 0 4 |a Educacin̤  |z Italia 
650 0 4 |a Universidades  |z Italia 
740 |a vLex Libros (Servicio en ln̕ea) 
856 |a Acceso restringido  |u http://www.vlex.com/source/6809 
942 |c BOOK 
999 0 |a Economics